High pressure boilers / (Record no. 31069)

000 -LEADER
fixed length control field 00955nam a2200277 a 4500
001 - CONTROL NUMBER
control field 1135461
003 - CONTROL NUMBER IDENTIFIER
control field OSt
005 - DATE AND TIME OF LATEST TRANSACTION
control field 20220222102541.0
008 - FIXED-LENGTH DATA ELEMENTS--GENERAL INFORMATION
fixed length control field 940823s1994 ilua 001 0 eng
010 ## - LIBRARY OF CONGRESS CONTROL NUMBER
LC control number 94200385
020 ## - INTERNATIONAL STANDARD BOOK NUMBER
International Standard Book Number 0826944159
040 ## - CATALOGING SOURCE
Original cataloging agency DLC
Transcribing agency DLC
050 00 - LIBRARY OF CONGRESS CALL NUMBER
Classification number TJ286
Item number .S725 1994
082 00 - DEWEY DECIMAL CLASSIFICATION NUMBER
Classification number 621.1/83
Edition number 20
100 1# - MAIN ENTRY--PERSONAL NAME
Personal name Steingress, Frederick M.
245 10 - TITLE STATEMENT
Title High pressure boilers /
Statement of responsibility, etc. Frederick M. Steingress, Harold J. Frost.
250 ## - EDITION STATEMENT
Edition statement 2nd ed.
260 ## - PUBLICATION, DISTRIBUTION, ETC. (IMPRINT)
Place of publication, distribution, etc. Homewood, Ill. :
Name of publisher, distributor, etc. American Technical Publishers,
Date of publication, distribution, etc. c1994.
300 ## - PHYSICAL DESCRIPTION
Extent 265 p. :
Other physical details ill. ;
Dimensions 28 cm.
500 ## - GENERAL NOTE
General note Includes index.
650 #0 - SUBJECT ADDED ENTRY--TOPICAL TERM
Topical term or geographic name as entry element Steam-boilers.
700 1# - ADDED ENTRY--PERSONAL NAME
Personal name Frost, Harold J.,
Dates associated with a name 1926-
906 ## - LOCAL DATA ELEMENT F, LDF (RLIN)
a 7
b cbc
c orignew
d 2
e ncip
f 19
g y-gencatlg
942 ## - ADDED ENTRY ELEMENTS (KOHA)
Source of classification or shelving scheme
Koha item type Hard Covered Materials
Classification part TJ286 .S725 1994
Item part .S725 1994
Holdings
Withdrawn status Lost status Source of classification or shelving scheme Damaged status Not for loan Home library Current library Shelving location Date acquired Source of acquisition Cost, normal purchase price Total Checkouts Full call number Barcode Date last seen Date last checked out Price effective from Koha item type
          MACHAKOS UNIVERSITY LIBRARY MACHAKOS UNIVERSITY LIBRARY All Collections 22/02/2022 Donation- Damaris Kimanzi 2230.00 1 TJ286 .S725 1994 23798 30/05/2022 30/05/2022 22/02/2022 Hard Covered Materials
© Machakos University Library, Along The Highway, Machakos Wote Rd, Machakos, Kenya P.O. Box 136 - 90100 Machakos - Kenya

Tel: ( +254 ) 723 805829 OR Fax : 044-20353 OR Email: library@mksu.ac.ke